000 00749nam a22003010a 4500
001 UByD001389
003 AR-LpoUNG
005 20230422102733.0
008 230420s2020||||ag |||||||||||||||||spa d
020 _a97898786669700
040 _aAR-LpoUNG
_bspa
_cAR-LpoUNG
_eaacr
041 _aspa
044 _aag
082 0 _aA863 117pan
100 1 _aCabrera, Carlos
245 1 3 _aEl pan de Lorenzo
250 _a1ra. ed.
260 _aSan Miguel :
_bCarlos Alberto Cabrera,
_c2020.
300 _a134 p.
650 4 _aLITERATURA
650 4 _aARGENTINA
650 4 _aPROSA
653 4 _aLITERATURA ARGENTINA
653 4 _aAUTORES LOCALES
700 1 _aMigliore, Claudia Emilia
_eed. lit.
905 _a55627
942 _cLIB
_2ddc
999 _c63946
_d63946